|
|
|
|
| LEADER |
00000nam a2200000 a 4500 |
| 001 |
vtls011578714 |
| 003 |
SK-MaSNL |
| 005 |
20260302085102.0 |
| 008 |
171030s2015 xo e d 000 0 slo |
| 015 |
|
|
|a SNBA2016/09
|
| 020 |
|
|
|a 9788055514185 (viaz.)
|
| 035 |
|
|
|a AEC36C1A-0AE5-4DC7-84C6-259EEF59E3E5
|
| 035 |
|
|
|a urn:nbn:sk:snk-amlt8v
|
| 035 |
|
|
|a urn:nbn:sk:snk-am00bmzy
|
| 040 |
|
|
|a SNK
|b slo
|c SNK
|e AACR2
|
| 041 |
0 |
|
|a slo
|
| 044 |
|
|
|a xo
|c SK
|
| 072 |
|
7 |
|a 34
|x Právo
|2 konspekt
|
| 080 |
|
|
|a 34
|2 2011
|
| 080 |
|
|
|a 81'373.46
|2 2011
|
| 080 |
|
|
|a (038.072)
|2 2011
|
| 245 |
0 |
0 |
|a Slovník právnických termínov pre verejnosť
|c [Mária Imrichová (ed.) ; autori: Lenka Csikyová ... [et al.]]
|
| 250 |
|
|
|a 1. vyd
|
| 260 |
|
|
|a Prešov
|b Filozofická fakulta Prešovskej univerzity
|c 2015
|
| 300 |
|
|
|a 249 s.
|c 22 cm
|
| 366 |
|
|
|e 150 výt.
|
| 490 |
1 |
|
|a Acta Facultatis Philosophicae Universitatis Prešoviensis
|v 501/532
|a Slovník
|v 14
|
| 650 |
0 |
7 |
|a právo
|2 SNKPH
|9 976
|
| 650 |
0 |
7 |
|a Law
|2 SNKPHeng
|9 265417
|
| 650 |
0 |
7 |
|a odborná terminológia
|2 SNKPH
|9 3616
|
| 650 |
0 |
7 |
|a Terminology (professional)
|2 SNKPHeng
|9 90966
|
| 655 |
|
7 |
|a výkladové slovníky
|2 SNKPH
|9 69007
|
| 655 |
|
7 |
|a Explanatory dictionaries
|2 SNKPHeng
|9 278822
|
| 700 |
1 |
|
|a Imrichová, Mária,
|d 1964-
|4 edt
|4 aut
|9 232463
|
| 700 |
1 |
|
|a Csikyová, Lenka
|4 aut
|9 754999
|
| 700 |
1 |
|
|a Lukáč, Miroslav
|4 aut
|9 713922
|
| 700 |
1 |
|
|a Moskovičová, Mária
|4 aut
|9 755000
|
| 700 |
1 |
|
|a Turoček, Martin
|4 aut
|9 755001
|
| 700 |
1 |
|
|a Turočeková, Monika,
|d 1978-
|4 aut
|9 249245
|
| 810 |
2 |
|
|a Prešovská univerzita v Prešove.
|b Filozofická fakulta
|t Acta Facultatis Philosophicae Universitatis Prešoviensis
|
| 810 |
2 |
|
|a Prešovská univerzita v Prešove.
|b Filozofická fakulta
|t Acta Facultatis Philosophicae Universitatis Prešoviensis
|p Slovník
|9 325339
|
| 919 |
|
|
|a 978-80-555-1418-5
|
| 999 |
|
|
|c 1190649
|d 1192579
|
| 952 |
|
|
|a SNK
|b SNK
|y PREZ
|7 0
|p 17A1211714
|o snkSC 171151
|i snk2016/21006
|8 0
|0 0
|1 0
|4 0
|d 2016-09-09
|f 1
|l 0
|r 2025-09-08 00:00:00
|w 2026-02-24
|
| 952 |
|
|
|a SNK
|b SNK
|y VYP
|7 0
|p 17A1211715
|o snkSC 171151 D1
|i snk2016/21007
|8 0
|0 0
|1 0
|4 0
|d 2016-09-09
|l 0
|r 2026-02-24 22:10:16
|w 2026-02-24
|